МИР старообрядчества (Запись № 7977472)

Подробности
000 -МАРКЕР
контрольное поле 01433nam1a22002651 4500
001 - ИДЕНТИФИКАТОР ЗАПИСИ
контрольное поле rc\160086
005 - ИДЕНТИФИКАТОР ВЕРСИИ
контрольное поле 20030307112845.7
035 ## - ДРУГИЕ СИСТЕМНЫЕ НОМЕРА
Идентификатор записи (NLR Aleph) 008780180
100 ## - ДАННЫЕ ОБЩЕЙ ОБРАБОТКИ
Данные общей обработки 20030307d1992 u |0rusy50 ca
101 0# - ЯЗЫК РЕСУРСА
Язык текста, звукозаписи и т.д. русский
102 ## - СТРАНА ПУБЛИКАЦИИ ИЛИ ПРОИЗВОДСТВА
Страна публикации Российская Федерация
105 ## - ПОЛЕ КОДИРОВАННЫХ ДАННЫХ: ТЕКСТОВЫЕ МАТЕРИАЛЫ, МОНОГРАФИЧЕСКИЕ
Кодированные данные о монографическом текстовом документе y |||||||||
200 1# - ЗАГЛАВИЕ И СВЕДЕНИЯ ОБ ОТВЕТСТВЕННОСТИ
Основное заглавие МИР старообрядчества
Сведения, относящиеся к заглавию [Сб. по материалам конф. "Традиц. книжность и культура рус. старообрядчества
-- 25 лет полевых исслед. МГУ", 25-26 янв. 1992 г.
Первые сведения об ответственности Под. ред. д. ист. н. И.В. Поздеевой и Е.Б. Смелянской
Последующие сведения об ответственности Предисл. акад., чл.-корр. Рос. АН Н.Н. Покровского]
210 ## - ПУБЛИКАЦИЯ, РАСПРОСТРАНЕНИЕ И ДР.
Место издания, распространения и т.д. М.
-- СПб.
Имя издателя, распространителя и т. д. Хронограф
Дата издания, распространения и т.д. 1992
215 ## - ФИЗИЧЕСКАЯ ХАРАКТЕРИСТИКА
Размеры 20
300 ## - ОБЩИЕ ПРИМЕЧАНИЯ
Текст примечания В надзаг.: Археогр. лаб. ист. фак. МГУ, Н.-и. центр "Хронограф"
702 #1 - ИМЯ ЛИЦА - ВТОРИЧНАЯ ОТВЕТСТВЕННОСТЬ
Начальный элемент ввода Поздеева
Часть имени, кроме начального элемента ввода И. В.
Расширение инициалов личного имени Ирина Васильевна
Код отношения Редактор
712 02 - НАИМЕНОВАНИЕ ОРГАНИЗАЦИИ - ВТОРИЧНАЯ ОТВЕТСТВЕННОСТЬ
Начальный элемент ввода МГУ им. М.В.Ломоносова
Структурное подразделение Археографическая лаборатория
Идентификатор авторитетной/нормативной записи RU\NLR\AUTH\889921301
712 12 - НАИМЕНОВАНИЕ ОРГАНИЗАЦИИ - ВТОРИЧНАЯ ОТВЕТСТВЕННОСТЬ
Начальный элемент ввода "Традиционная книжность и культура старообрядчества", конф
Дата проведения временной организации 1992
Место проведения временной организации Москва
Идентификатор авторитетной/нормативной записи RU\NLR\AUTH\889921202
801 #0 - ИСТОЧНИК ЗАПИСИ
Страна Российская Федерация
Организация NLR
Правила каталогизации psbo
801 #1 - ИСТОЧНИК ЗАПИСИ
Страна Российская Федерация
Организация ELAR
Источник данных rusmarc
852 ## - МЕСТОНАХОЖДЕНИЕ И ШИФР ХРАНЕНИЯ
Идентификатор организации NLR
Шифр хранения (Call Number) 96-3/4449
942 ## - ДОПОЛНИТЕЛЬНЫЕ ЭЛЕМЕНТЫ ЗАПИСИ (АБИС)
Тип экземпляра АБИС Книга
980 ## - КОЛЛЕКЦИЯ
Название коллекции Национальная библиография

Нет доступных экземпляров.